000 00381nam a2200145Ia 4500
008 210210b1986 xxu||||| |||| 00| 0 eng d
082 _a796.342 ALEF
100 _aALEXANDER (Jeremy).
245 _aField story of wimbledon.
260 _aLondon.
_bAssociated magazines Ltd.,
_c1986
300 _a78
650 _aTennis
690 _aAthletic & Outdoor Sports
906 _a042525
999 _c92220
_d92220